El libro de la naturaleza y la tecnologia 8º /

Guardado en:
Autor Principal: Frid, Débora
Otros Autores: Costaguta, Mariana, Sturla, Andrés
Formato: Libro
Publicado: Buenos Aires : Estrada, 1997
Materias:
Etiquetas: Agregar Etiqueta
Sin Etiquetas, Sea el primero en etiquetar este registro!
LEADER 01475nam a22002535a 4500
001 CEM.cems009714
005 20080721121214.0
008 130507s1997##################000#0#####d
003 CEMS
020 |a 9500106779 
082 0 4 |a 574 
100 1 |a Frid, Débora 
245 1 0 |a El libro de la naturaleza y la tecnologia 8º /  |c Mariana Costaguta, Débora Frid, Andrés Sturla 
260 |a Buenos Aires :  |b Estrada,  |c 1997 
300 |a 247 p. 
500 |a Para nivel Educación General Básica 
505 0 |a La naturaleza a nuestro alrededor -- Biodiversidad -- Clasificación -- Evolución -- Herencia -- Reproducción -- Los seres vivos y el ambiente -- Nutrición -- Diversidad y unidad -- Agua y aire -- Electricidad -- Calor -- Energía -- Luz, calor y radiación -- Estructura y cambios de la materia -- La naturaleza que no vemos -- Los átomos -- Transformaciones de la materia -- Composición química de los seres vivos -- Células. Niveles de organización. Biotecnología -- La tierra y sus cambios -- El planeta tierra -- La atmósfera y el tiempo meteorológico -- Recursos -- Equilibrio y contaminación -- Apéndice: breve historia de las computadoras 
653 |a Ciencias naturales 
653 |a Ciencias naturales-egb 
653 |a Biología 
700 1 |a Costaguta, Mariana 
700 1 |a Sturla, Andrés 
859 |a CEMS  |b BIB. CEMS - 11 de abril  |h 574  |i F912  |p 19990.98  |t Ej.1  |v 8º  |3 8º 
859 |a CEMS  |b BIB. CEMS - 11 de abril  |h 574  |i F912  |p 26245.11  |t Ej.2  |v 8º  |3 8º